000 00656nam a22002537a 4500
999 _c314919
_d314919
001 28550
003 UA-OsUOA
005 20200421121929.0
007 ta
008 20050407b un ||||| |||| 00| 0 ukr d
020 _a5940102743
040 _aUA-OsUOA
_brus
_cUA-OsUOA
_dUA-OsUOA
041 _arus
044 _aRU
080 _a323.1(075.8)
090 _a323.1(075.8)
_bТ86
100 _aТураев В. А.
245 _aЭтнополитология
_bучеб. пособ.
_cВ. А. Тураев ; ред. Э. М. Горелик
260 _aМ.
_bЛогос
_c2004
300 _a388 с.
650 7 _2UDC
942 _cBK
_2udc
955 _a0